| 000 | 00856cab a2200241 4500 | ||
|---|---|---|---|
| 001 | WB2802-10 | ||
| 008 | 090401t1992 xxu||||| |||| 00| 0 eng d | ||
| 035 | _a(Sirsi) u787 | ||
| 041 | _aeng | ||
| 245 | _aHouse prices still dropping | ||
| 260 | _c1992 | ||
| 350 | _a0 | ||
| 490 |
_aDaily Express _v7 January 1992, 2 |
||
| 490 |
_aDaily Telegraph _v7 January 1992, 17 |
||
| 490 |
_aScotsman _v7 January 1992, 19(2) |
||
| 520 | _aThe average price of houses continues to fall, according to the Nationwide Building Society, particularly in the Southwest where the decline was by 4.3% in the last quarter of 1991, though Scotland and the North record increases. (Table). | ||
| 650 | _a1991 | ||
| 650 | _aHOUSE PRICES | ||
| 650 | _aSCOTLAND | ||
| 690 | _aPROPERTY-RESIDENTIAL PROPERTY-RESIDENTIAL PROPERTY MARKET | ||
| 942 | _n0 | ||
| 948 | _c04/03/1997 | ||
| 999 |
_c423 _d423 |
||